000 01329nam a2200337 i 4500
003 EG-GICUC
005 20260121101723.0
008 260113s1974 ua ||||fr|||| 001 0 ara d
017 _a1974/4889
040 _a EG-GICUC
_bara
_c EG-GICUC
_d EG-GICUC
_erda
041 _aara
082 0 4 _a343.425
_bج م . ح
_221
092 0 4 _221
099 _aLaw1 10 343.425 ج م . ح ed 2 - 1974 1006359
100 0 _aجمال الدين العطيفي.
_eمؤلف.
245 1 0 _aحرية الصحافة وفق تشريعات جمهورية مصر العربية /
_cتأليف الدكتور جمال الدين العطيفي.
250 _aالطبعة الثانية،
264 1 _aالقاهرة :
_bمطابع مؤسسة الأهرام التجارية،
_c1974.
300 _a327 صفحة ؛
_c24 سم.
336 _2rda content
_atext
337 _2rda media
_aComputer
338 _2rda carrier
_aOnline Resource
504 _aيشتمل على ارجاعات ببليوجرافية.
546 _aالنص باللغة العربية
650 1 _aالتشريعات المتعلقة بالصحافة.
_2qrmak
650 1 _aالتشريعات الجنائية الخاصة.
_2qrmak
651 1 _2qrmak
856 4 0 _uhttps://fll.law.cu.edu.eg/fulltext/bks/B10-06359.pdf
905 _a18
942 _2ddc
_n0
_cBK
_e21
999 _c56789
_d56789